| 000 -LEADER |
| fixed length control field |
00709nam a22002057a 4500 |
| 003 - CONTROL NUMBER IDENTIFIER |
| control field |
OSt |
| 005 - DATE AND TIME OF LATEST TRANSACTION |
| control field |
20260128092742.0 |
| 008 - FIXED-LENGTH DATA ELEMENTS--GENERAL INFORMATION |
| fixed length control field |
210813b ||||| |||| 00| 0 eng d |
| 040 ## - CATALOGING SOURCE |
| Transcribing agency |
OSt |
| 041 ## - LANGUAGE CODE |
| Language code of text/sound track or separate title |
Shan |
| 082 ## - DEWEY DECIMAL CLASSIFICATION NUMBER |
| Classification number |
491.375 |
| 245 ## - TITLE STATEMENT |
| Title |
ၵၸ်ႉၸႃႇယၼသတ်ႉတႃႇ |
| 260 ## - PUBLICATION, DISTRIBUTION, ETC. |
| Place of publication, distribution, etc. |
[ဢမ်ႇပႃးဝဵင်း] |
| Name of publisher, distributor, etc. |
[ဢမ်ႇပႃးတီႈ] |
| Date of publication, distribution, etc. |
2008 |
| 300 ## - PHYSICAL DESCRIPTION |
| Extent |
491 ၼႃႈ |
| Dimensions |
22 ၸိၼ်ႇထီႇ |
| 500 ## - GENERAL NOTE |
| General note |
S-SAT: Dr. Prof Sai Aung Tun |
| 650 ## - SUBJECT ADDED ENTRY--TOPICAL TERM |
| Topical term or geographic name entry element |
ပႃႇလိသတ်ႉတႃႇ |
| 710 ## - ADDED ENTRY--CORPORATE NAME |
| Corporate name or jurisdiction name as entry element |
ၸဝ်ႈသြႃႇၵဝိၼ်ႇတ (ၼမ်ႉၶမ်း) ပိၼ်ႇတႅမ်ႈ- |
| 942 ## - ADDED ENTRY ELEMENTS (KOHA) |
| Koha item type |
Books (Long term) |
| 650 ## - SUBJECT ADDED ENTRY--TOPICAL TERM |
| 9 (RLIN) |
26671 |
| 710 ## - ADDED ENTRY--CORPORATE NAME |
| 9 (RLIN) |
65806 |
|
| Source of classification or shelving scheme |
|